Vybrané rozdíly v kvalitě života seniorů ve městě a na venkově
Vybrané dimenzie konceptu kvality života seniórov z urbánneho versus rurálneho prostredia.
Uložené v:
| Hlavný autor: | |
|---|---|
| Médium: | Kapitola |
| Jazyk: | Czech |
| Predmet: | |
| Tagy: |
Žiadne tagy, Buďte prvý, kto otaguje tento záznam!
|
MARC
| LEADER | 00000naa a2200000 4500 | ||
|---|---|---|---|
| 001 | 0245649 | ||
| 005 | 20221104111534.9 | ||
| 041 | 0 | |a cze | |
| 044 | |a CZ | ||
| 245 | 1 | 0 | |a Vybrané rozdíly v kvalitě života seniorů ve městě a na venkově |c Lucie Vidovičová |
| 520 | |a Vybrané dimenzie konceptu kvality života seniórov z urbánneho versus rurálneho prostredia. | ||
| 610 | 2 | 0 | |a Česko |
| 610 | 2 | 0 | |a kvalita života |
| 610 | 2 | 0 | |a seniori |
| 610 | 2 | 0 | |a mestá |
| 610 | 2 | 0 | |a vidiek |
| 100 | 1 | |a Vidovičová, Lucie | |